Building

Bibliographic Details
Main Author: Institut Penilaian Negara
Format: Book
Published: (980
Subjects:

MARC

LEADER 00000cam a2200000 7i4500
001 0000016699
005 20060615.0
040 |a INS 
090 0 0 |a KK243 
100 0 |a Institut Penilaian Negara 
245 1 0 |a Building 
260 |a (980 
300 |a 5p. ;   |c 29 cm. 
650 0 0 |a Building 
999 |a KK00000547   |b BOOK   |c Open Shelf   |e Default branch